00727nam a2200241 a 4500001001300000003000900013005001700022008004100039020001000080082001300090100001700103245007800120260005900198300000900257500003500266505001000301650003400311700001700345902000800362942000700370952009300377999001500470nice12345678IN_TiNIC20260116011418.0050524s1937 lona grp 000 0 eng  ac10000a027bARB aArberry, A J aCatologue of the Library of the India Office Vol.2 Part, 6/ Persian Books aLondonbOrder of the Secretary of State for Indic1937 a571p aincludes index and biblioraphy2 aIndex aManuscripts-Library-Catalogue1 aArberry, A J bSRS cBK 00104070aHMIbHMId2007-03-15g100.00l0o027 ARBp1935r2007-03-15w2026-01-16yARB c1304d1304